👻BOOO!!! Państwa Świaaata w duuuuuuchu na maaapie! - Statystyki

Ogólne statystyki
  • Ten quiz został rozwiązany 329 razy
    309 od ostatniego zresetowania
  • Średni wynik to 55 z 64
Odpowiedzi na mapie
Odpowiedzi zakodowano w zielono-czerwonej skali na mapie do tego quizu, zgodnie z poniższymi procentami.
 
Statystyki odpowiedzi
👻Państwa👻 % Poprawnych
Polska
99%
Rosja
99%
Białoruś
97%
Ukraina
97%
Chiny
96%
Grecja
96%
Litwa
96%
Łotwa
96%
Włochy
96%
Czechy
95%
Egipt
95%
Estonia
95%
Rumunia
95%
Słowacja
95%
Turcja
95%
Indie
94%
Bośnia i Hercegowina
93%
Chorwacja
93%
Węgry
93%
Kazachstan
92%
Albania
91%
Arabia Saudyjska
91%
Austria
91%
Bułgaria
91%
Iran
91%
Mołdawia
91%
Słowenia
91%
Irak
90%
Serbia
90%
Izrael
89%
Kosowo
89%
Macedonia Północna
89%
Czarnogóra
88%
Cypr
87%
Jemen
85%
Malta
85%
Mongolia
85%
Oman
85%
Tunezja
85%
Pakistan
84%
Libia
83%
Sudan
83%
Nepal
82%
Afganistan
81%
Algieria
80%
Syria
80%
Tadżykistan
80%
Turkmenistan
79%
Uzbekistan
79%
Jordania
78%
Kirgistan
78%
Finlandia
76%
Azerbejdżan
75%
Bangladesz
75%
Bhutan
74%
Mjanma
74%
Liban
73%
Czad
72%
Tajlandia
72%
Kuwejt
70%
Niger
70%
Armenia
66%
Erytrea
64%
Watykan
49%
Nie znaleziono quizów pasujących do podanych kryteriów
Rozkład punktacji
Procent ludzi z każdym wynikiem
Percentyl według liczby udzielonych odpowiedzi
Twoja historia wyników
Nie rozwiązałeś tego quizu od ostatniego zresetowania